Normal view
MARC view
- JANI, ZILL A HUMA
Entry Personal Name
001 - CONTROL NUMBER
- control field: 133137
003 - CONTROL NUMBER IDENTIFIER
- control field: NUST
005 - DATE AND TIME OF LATEST TRANSACTION
- control field: 20260209125141.0
008 - FIXED-LENGTH DATA ELEMENTS
- fixed length control field: 260209|| aca||aabn | a|a d
040 ## - CATALOGING SOURCE
- Original cataloging agency: NUST
- Transcribing agency: NUST
100 ## - HEADING--PERSONAL NAME
- Personal name: JANI, ZILL A HUMA
670 ## - SOURCE DATA FOUND
- Source citation: Work cat.: (NUST): JANI, ZILL A HUMA, CLIMATE FINANCING TRENDS IN SOUTH ASIAN COUNTRIES AND THEIR IMPACT ON CO2 EMISSIONS/
